La casa del invierno verano / (Registro nro. 12858)

Detalles MARC
000 -LIDER
fixed length control field 00471nam a22001697a 4500
003 - IDENTIFICACDOR DE NÚMERO DE CONTROL
control field DO-SdBNP
005 - DATE AND TIME OF LATEST TRANSACTION
control field 20171206092313.0
008 - ELEMENTOS DE LONGITUD FIJA
fixed length control field 171113b pa||||| |||| 00| 0 spa d
020 ## - ISBN
International Standard Book Number 9789995309824
040 ## - FUENTE DE CATALOGACIÓN
Agencia que crea de manera original el registro BPMSU
Idioma de catalogación spa
Agencia que realiza la transcripción BPMSU
100 ## - ASIENTO PRINCIPAL -- NOMBRE PERSONAL
Nombre personal Roa Bastos , Augusto
245 ## - MENCIÓN DE TITULO
Título La casa del invierno verano /
Mención de responsabilidad Augusto Roa Bastos
260 ## - PUBLICACIÓN, DISTRIBUCIÓN, ETC. (PIE DE IMPRENTA)
Lugar de publicación, distribución, etc Asuncion :
Nombre del editor, distribuidor, etc. Plaza Uruguaya ,
Fecha de publicación, distribución, etc 2016
300 ## - DESCRIPCIÓN FÍSICA
Extensión 28 p.:
942 ## - ADDED ENTRY ELEMENTS (KOHA)
Source of classification or shelving scheme Dewey Decimal Classification
Koha item type Libros
945 ## - INFORMACIÓN DE PROCESAMIENTO LOCAL
Información de procesamiento local inventariado extranjero / DG
Existencias
Withdrawn status Lost status Source of classification or shelving scheme Damaged status Not for loan Collection code Home library Current library Date acquired Source of acquisition Total Checkouts Date last seen Price effective from Koha item type
    Dewey Decimal Classification     Colección General Biblioteca Pública Metropolitana Salomé Ureña Biblioteca Pública Metropolitana Salomé Ureña 11/13/2017 Donado   11/13/2017 11/13/2017 Libros